Congadas: tradicoes paulistas

Gorde:
Xehetasun bibliografikoak
Formatua: Liburua
Hizkuntza:portugesa
Argitaratua: Sao Paulo Asistencia Técnica de Festejos Populares 1944
Gaiak:
Etiketak: Etiketa erantsi
Etiketarik gabe, Izan zaitez lehena erregistro honi etiketa jartzen!

MARC

LEADER 00000nam a2200000 a 4500
001 UCM1035
003 CL-VaPUC
008 020322e19440000BL |||||||||||||||||por|d
082 0 4 |a 781.6296081  |b CON  |2 21 
245 1 0 |a Congadas: tradicoes paulistas 
300 |a 12 p 
942 |c BK 
945 |d 20020322 00:00:00  |a cmena 
260 |a Sao Paulo  |b Asistencia Técnica de Festejos Populares  |c 1944 
650 7 |a DANZAS POPULARES PAULISTAS  |2 CL-VaPUC  |9 468066 
650 7 |a DANZAS DE ORIGEN AFRICANO  |2 CL-VaPUC  |9 468067 
650 0 |a Ceremonias religiosas  |9 337235 
583 |a last modification  |c 20020322 00:00:00  |k Rodrigo Vera 
999 |c 299751  |d 299749 
952 |0 0  |1 0  |4 0  |6 781_629608100000000_CON_1944  |7 0  |8 X  |9 356652  |a FDOMLP  |b FDOMLP  |d 2019-11-21  |i 3797341  |o 781.6296081 CON 1944  |p 3797341  |r 2019-11-21  |w 2019-11-21  |y BK_X  |k BU2